书目信息 |
| 题名: |
工程流体力学(水力学)
|
|
| 作者: | 闻德荪 主编 | |
| 分册: | 上册 | |
| 出版信息: | 北京 高等教育出版社 2004.01 |
|
| 页数: | 342页 | |
| 开本: | 23cm | |
| 丛书名: | ||
| 单 册: | ||
| 中图分类: | TV13 , TB126 | |
| 科图分类: | ||
| 主题词: | 水力学--高等学校--教材 , 工程力学 , 流体力学 , 热工水力学 , 工程力学: 流体力学--高等学校--教材 | |
| 电子资源: | ||
| ISBN: | 7-04-013084-X | |
| 000 | 00824nam0 2200301 45 | |
| 001 | 012004000000 | |
| 005 | 20101103113433.67 | |
| 010 | @a7-04-013084-X@dCNY25.60 | |
| 071 | @b零采 | |
| 100 | @a20040705d2004 em y0chiy0121 ea | |
| 101 | 0 | @achi |
| 102 | @aCN@b110000 | |
| 105 | @aak z 000yy | |
| 200 | 1 | @a工程流体力学(水力学)@Agong cheng liu ti li xue shui li xue@h上册@f闻德荪主编 |
| 205 | @a第2版 | |
| 210 | @a北京@c高等教育出版社@d2004.01 | |
| 215 | @a342页@c图, 表格@d23cm | |
| 300 | @a高等学校教材 | |
| 606 | 0 | @a水力学@x高等学校@j教材 |
| 606 | 0 | @a工程力学 |
| 606 | 0 | @a流体力学 |
| 606 | 0 | @a热工水力学 |
| 606 | 0 | @a工程力学: 流体力学@x高等学校@j教材 |
| 690 | @aTV13@v3 | |
| 690 | @aTB126@v4 | |
| 701 | 0 | @a闻德荪@Awen de sun@4主编 |
| 801 | 0 | @aCN@bQSSKw@c20101103 |
| 905 | @dTV13@eW679:1=2 | |
| 工程流体力学(水力学).上册/闻德荪主编.-第2版.-北京:高等教育出版社,2004.01 |
| 342页:图, 表格;23cm |
| 高等学校教材 |
| ISBN 7-04-013084-X:CNY25.60 |
| ● |
| 相关链接 |
|
|
|
正题名:工程流体力学(水力学)
索取号:TV13/W679:1=2
 
预约/预借
| 序号 | 登录号 | 条形码 | 馆藏地/架位号 | 状态 | 备注 |
| 1 | 388256 | 203882566 | 自科库501/ [索取号:TV13/W679:1=2] | 在馆 | |
| 2 | 388257 | 203882575 | 自科库501/501自科库 47排4列2层/ [索取号:TV13/W679:1=2] | 在馆 | |
| 3 | 388258 | 203882584 | 自科库501/ [索取号:TV13/W679:1=2] | 在馆 | |
| 4 | 470197 | 204701974 | 期刊室512/501自科库 47排4列2层/ [索取号:TV13/W679:1=2] | 在馆 |